000 00721nam a2200265 a 4500
999 _c746
_d746
008 191025r20042012ii a|||g |||| 001 0 eng d
020 _a9788175154469
_cRs. 179.00
040 _aKO
_beng
041 0 _aeng
044 _aii
082 0 4 _223
_a660
_bV59
100 1 _aVermani, O. P.
245 1 0 _aIndustrial Chemistry /
_cO. P. Vermani, A. K. Narula
260 _aNew Delhi :
_bGalgotia Publications Pvt Ltd,
_c2004, reprinted 2012
300 _axii, 532 p. :
_bill. ;
_c23 cm.
504 _aIncludes index.
650 0 _aChemistry, Technical
_vTextbooks
650 0 _aWater quality
650 0 _aPollution
650 0 _aPolymers
700 1 _aNarula, A. K.
_eaut
904 _aS_JOY
942 _cBK